Statistics for Flags with ONLY One Star

Click here to take the quiz!

General Stats

  • This quiz has been taken 35 times
    (25 since last reset)
  • The average score is 32 of 35

Answer Stats

Answer% Correct
Israel
100%
Turkey
100%
Angola
94%
Chile
94%
Cuba
94%
Ethiopia
94%
Jordan
94%
Mozambique
94%
North Korea
94%
Pakistan
94%
Tunisia
94%
Vietnam
94%
Zimbabwe
94%
Algeria
89%
Cameroon
89%
Central African Republic
89%
Djibouti
89%
Ghana
89%
Guinea-Bissau
89%
Liberia
89%
Libya
89%
Mauritania
89%
Moldova
89%
Morocco
89%
Senegal
89%
Somalia
89%
South Sudan
89%
Togo
89%
Azerbaijan
83%
Burkina Faso
83%
East Timor
83%
Marshall Islands
83%
Myanmar
83%
Nauru
83%
Suriname
83%

Score Distribution

Percentile by Number Answered

Percent of People with Each Score

Your Score History

You have not taken this quiz since the last reset